| 000 | 01066nam a22002777a 4500 | ||
|---|---|---|---|
| 999 |
_c12643 _d12643 |
||
| 003 | EG-ScBUE | ||
| 005 | 20200122122128.0 | ||
| 008 | 090820s1998 ua f b 000 p ara d | ||
| 020 | _a9770157716 | ||
| 040 |
_aEG-ScBUE _bara _erda _cEG-ScBUE _dEG-ScBUE |
||
| 082 | 0 | 4 |
_a892.7134099468 _bع ن ا _222 |
| 100 | 1 |
_aعناني، محمد زكريا، _eمؤلف. |
|
| 245 | 1 | 2 |
_aالموشحات الأندلسية / _cد. محمد زكريا عناني. _nالاعمال الفكريه |
| 264 | 1 |
_a[القاهرة] : _bالهيئة المصرية العامة للكتاب، _c1998. |
|
| 300 |
_a218 صفحة ؛ _c20 سم. |
||
| 336 |
_2rdacontent _aنص _btxt |
||
| 337 |
_2rdamedia _aبدون وسيط _bn |
||
| 338 |
_2rdacarrier _aمجلد _bnc |
||
| 490 | 0 |
_aمكتبة الأسرة. _aالأعمال الفكرية |
|
| 504 | _aيشتمل على إرجاعات ببليوجرافية. | ||
| 590 | _aamira yasser | ||
| 650 | 7 |
_aالموشحات الأندلسية. _2BUEsh _98533 |
|
| 653 |
_bGGEN _cJanuary2020 |
||
| 655 | _vReading book | ||
| 942 |
_2ddc _cBB |
||